The new Arab journalist : (Record no. 21272)
[ view plain ]
| 000 -LEADER | |
|---|---|
| fixed length control field | 01648cam a22002895a 4500 |
| 001 - CONTROL NUMBER | |
| control field | 16971469 |
| 005 - DATE AND TIME OF LATEST TRANSACTION | |
| control field | 20160229100327.0 |
| 008 - FIXED-LENGTH DATA ELEMENTS--GENERAL INFORMATION | |
| fixed length control field | 110921s2011 enka frb 001 0 eng d |
| 010 ## - LIBRARY OF CONGRESS CONTROL NUMBER | |
| LC control number | 2011389213 |
| 020 ## - INTERNATIONAL STANDARD BOOK NUMBER | |
| International Standard Book Number | 9781848850996 (pb.) |
| 040 ## - CATALOGING SOURCE | |
| Original cataloging agency | DLC |
| Language of cataloging | eng |
| Transcribing agency | DLC |
| Modifying agency | EG-ScBUE |
| 043 ## - GEOGRAPHIC AREA CODE | |
| Geographic area code | ma----- |
| 082 04 - DEWEY DECIMAL CLASSIFICATION NUMBER | |
| Classification number | 079.174927 |
| Item number | PIN |
| Edition number | 22 |
| 100 1# - MAIN ENTRY--PERSONAL NAME | |
| Personal name | Pintak, Larry. |
| 9 (RLIN) | 39457 |
| 245 14 - TITLE STATEMENT | |
| Title | The new Arab journalist : |
| Remainder of title | mission and identity in a time of turmoil / |
| Statement of responsibility, etc | Lawrence Pintak. |
| 260 ## - PUBLICATION, DISTRIBUTION, ETC. (IMPRINT) | |
| Place of publication, distribution, etc | London ; |
| -- | New York : |
| Name of publisher, distributor, etc | I. B. Tauris & Co., |
| Date of publication, distribution, etc | 2011. |
| 300 ## - PHYSICAL DESCRIPTION | |
| Extent | xii, 287 p. : |
| Other physical details | ill. ; |
| Dimensions | 22 cm. |
| 500 ## - GENERAL NOTE | |
| General note | Index : p. 273-287. |
| 504 ## - BIBLIOGRAPHY, ETC. NOTE | |
| Bibliography, etc | Bibliography : p. 229-272. |
| 505 0# - FORMATTED CONTENTS NOTE | |
| Formatted contents note | Introduction: a matter of perspective -- The media landscape. Red lines: the boundaries of journalistic freedom -- Satellite TV and Arab democracy -- Media politics and corporate feudalism -- Islam, nationalism and the media -- Covering Darfur: a question of identity -- Arab journalism in context -- Western ethics, Western arrogance -- Survey findings. The mission of Arab journalism -- Journalistic roles: Arabs, Americans and the world -- Arab journalists look at themselves and the competition -- Arab journalists and the Arab people -- Conclusion. Border guards of the new Arab consciousness -- New media, new media models. |
| 650 #0 - SUBJECT ADDED ENTRY--TOPICAL TERM | |
| Topical term or geographic name as entry element | Journalism |
| General subdivision | Political aspects |
| Geographic subdivision | Arab countries |
| General subdivision | History |
| Chronological subdivision | 21st century. |
| Source of heading or term | BUEsh |
| 650 #0 - SUBJECT ADDED ENTRY--TOPICAL TERM | |
| Topical term or geographic name as entry element | Journalism |
| General subdivision | Objectivity |
| Geographic subdivision | Arab countries |
| General subdivision | History |
| Chronological subdivision | 21st century. |
| Source of heading or term | BUEsh |
| 650 #0 - SUBJECT ADDED ENTRY--TOPICAL TERM | |
| Topical term or geographic name as entry element | Journalists |
| Geographic subdivision | Arab countries |
| General subdivision | Attitudes |
| -- | History |
| Chronological subdivision | 21st century. |
| Source of heading or term | BUEsh |
| 651 ## - SUBJECT ADDED ENTRY--GEOGRAPHIC NAME | |
| Source of heading or term | BUEsh |
| 653 ## - INDEX TERM--UNCONTROLLED | |
| Resource For college | Communication and mass media |
| Arrived date list | February2016 |
| 942 ## - ADDED ENTRY ELEMENTS (KOHA) | |
| Source of classification or shelving scheme | Dewey Decimal Classification |
| Withdrawn status | Item status | Source of classification or shelving scheme | Damaged status | Not for loan | Vendor | Home library | Current library | Shelving location | Date acquired | Source of acquisition | Cost, normal purchase price | Serial Enumeration / chronology | Total Checkouts | Full call number | Barcode | Date last seen | Date last borrowed | Cost, replacement price | Koha item type |
|---|---|---|---|---|---|---|---|---|---|---|---|---|---|---|---|---|---|---|---|
| Dewey Decimal Classification | Central Library | Central Library | Lower Floor | 29/02/2016 | Purchase | 165.00 | 13733 | 1 | 079.174927 PIN | 000031754 | 15/07/2025 | 19/09/2021 | 206.00 | Book - Borrowing |